000 00472nam a2200157Ia 4500
008 240729s9999 xx 000 0 und d
022 _a2545-0999
245 0 _aAnnales Universitatis Paedagogicae Cracoviensis Studia Naturae
260 _aPoland
260 _bWydawnictwo Naukowe Uniwersytetu Pedagogicznego
650 _a Biology (General)
650 _aScience
856 _uhttps://doaj.org/toc/b00ed79975be4dc8bdf4cdec642f2360
942 _2ddc
942 _cDOAJEJ
999 _c68228
_d68228
945 _a1
_bMadushi Gamage
_c1
_dMadushi Gamage